| 000 | 01247nam a2200373 i 4500 | ||
|---|---|---|---|
| 001 | 7248 | ||
| 003 | KOSZ 005 | ||
| 005 | 20210519110515.0 | ||
| 008 | 070927s1971 pl a f f |000 0 pol | ||
| 015 | _aPB 1971/4731 | ||
| 035 | _a(OCoLC)839178361 | ||
| 040 |
_aWA N _cWA N _dKOSZ 005/HR |
||
| 046 | _k1970 | ||
| 080 | _a629.5 | ||
| 080 | _a(075.8) | ||
| 100 | 1 |
_aBuczkowski, Lesław. _eAutor |
|
| 245 | 1 | 0 |
_aPodstawy budownictwa okrętowego. _nCz. 2 / _cLesław Buczkowski ; Politechnika Gdańska. |
| 260 |
_aGdańsk : _bPolitechnika Gdańska, _c1971. |
||
| 300 |
_a238 s. : _bil. ; _c23 cm. |
||
| 336 |
_2rdacontent _aTekst _btxt |
||
| 337 |
_2rdamedia _aBez urządzenia pośredniczącego _bn |
||
| 338 |
_2rdacarrier _aWolumin _bnc |
||
| 380 | _aKsiążki. | ||
| 380 | _aPublikacje dydaktyczne | ||
| 385 |
_mPoziom nauczania _aSzkoły wyższe |
||
| 388 | _a1901-2000 | ||
| 388 | _a1945-1989 | ||
| 500 | _aRok wyd. 1970. | ||
| 658 | _aInżynieria i technika | ||
| 655 | 4 | _aPodręczniki akademickie | |
| 650 | 4 | _aBudownictwo okrętowe | |
| 856 |
_uhttp://koha.tu.koszalin.pl/cgi-bin/koha/opac-detail.pl?biblionumber=7248 _yKatalog online BPK |
||
| 942 |
_2UKD _cKS |
||
| 999 |
_c7248 _d7248 |
||